| 000 | 01520cam a2200301 a 4500 | ||
|---|---|---|---|
| 001 | 17859099 | ||
| 003 | PILC | ||
| 005 | 20160309175001.0 | ||
| 008 | 130821s2013 ilu b 001 0 eng | ||
| 010 | _a 2013034065 | ||
| 020 | _a9781627223386 | ||
| 020 | _a9781627223409 (pbk. ; teacher's manual) | ||
| 040 |
_aDLC _cDLC _dDLC |
||
| 042 | _apcc | ||
| 043 | _an-us--- | ||
| 050 | 0 | 0 |
_aKF 2023 _b.F693 2013 |
| 082 | 0 | 0 | _a346.7304/8 |
| 245 | 0 | 0 |
_aFranchising : _bcases, materials, & problems / _clead editor Alexander M. Meiklejohn. |
| 260 |
_aChicago : _bAmerican Bar Association, _c2013 |
||
| 300 |
_axxxvi, 907 pages ; _c27 cm. |
||
| 500 | _aIncludes bibliographical references and index. | ||
| 505 | 0 | _aThe history of franchising -- Trademark law -- Copyright law -- Trade secrets in franchising -- Antitrust principles affecting franchise law -- Typical contract terms -- Multi-tier and combination franchising -- The FTC rule -- Disclosure -- State franchise sales laws -- Relationship and termination laws -- Other types of business relationships -- Common law doctrines -- Mergers and acquisitions of franchise systems -- National law issues in Canada and Mexico. | |
| 650 | 0 |
_aFranchises (Retail trade) _xLaw and legislation _zUnited States. |
|
| 700 | 1 | _aMeiklejohn, Alexander M. | |
| 906 |
_a7 _bcbc _corignew _d1 _eecip _f20 _gy-gencatlg |
||
| 942 |
_2lcc _cBK |
||
| 999 |
_c291524 _d291524 |
||